01262cam a2200337 a 450000100090000000300040000900500170001300800410003001000170007101500190008801600180010702000180012502000150014303500230015803500200018104000510020105000270025208200230027910000190030224501350032126000500045630000210050650000200052765000250054765000260057265000270059870000190062585600830064485600910072785601060081814765100OSt20180116183015.0070312s2007 enk 001 0 eng  a 2007008566 aGBA7142722bnb7 a0136781472Uk a9780749450137 a0749450134 a(OCoLC)ocm84996997 a(OCoLC)84996997 aDLCcDLCdUKMdBAKERdBTCTAdBWKUKdYDXCPdDLC00aHF5549.5.M63bE36 200700a658.3 EIG 20072221 aEigenhuis, Ap.10aHigh performance business strategy :binspiring success through effective human resource management /cAp Eigenhuis, Rob van Dijk. aLondon ;aPhiladelphia :bKogan Page,cc2007. a207 p. ;c24 cm. aIncludes index. 0aEmployee motivation. 0aPersonnel management. 0aPerformance standards.1 aDijk, Rob van.413Table of contents onlyuhttp://www.loc.gov/catdir/toc/ecip0712/2007008566.html423Publisher descriptionuhttp://www.loc.gov/catdir/enhancements/fy0715/2007008566-d.html423Contributor biographical informationuhttp://www.loc.gov/catdir/enhancements/fy0835/2007008566-b.html